| 000 | 00797cab a2200217 4500 | ||
|---|---|---|---|
| 001 | L136276 | ||
| 008 | 070123n2007 000 0 eng u | ||
| 035 | _a(Sirsi) u136276 | ||
| 041 | 0 | _aeng | |
| 100 | 1 | _aThurlow, Alan | |
| 245 | 0 | 4 | _aThe Tenancy Deposit Protection Scheme (TDP) |
| 260 | _c2007 | ||
| 490 | 0 | 4 |
_aLetting Update Journal _v4(14) January 2007, 14-16(3) |
| 520 | _aDiscusses recent announcements by the DCLG, and the effect for landlords and agents when accepting tenancy deposits. | ||
| 590 | _aKA NTK | ||
| 650 | 2 | 4 | _aABOUT RICS-RICS PROFESSIONAL REGULATION AND CONSUMER PROTECTION-TENANCY DEPOSIT SCHEME |
| 650 | 2 | 4 | _aHOUSING ACT 2004 PART VI |
| 651 | 4 |
_aEngland and Wales _y1543- |
|
| 690 | _aPROPERTY-RESIDENTIAL PROPERTY-RESIDENTIAL LANDLORD AND TENANT | ||
| 942 | _n0 | ||
| 999 |
_c78224 _d78224 |
||